00603nam a2200145Ia 4500008004100000024005600041082001800097100007100115245005700186260002500243600002500268650003800293952010900331999001700440250506s9999 xx 000 0 und d a15B-036-SE, 15B-039-SE, 15B-027-SE & 15B-057-SE a005.11291 SYE aSyed Salman Manzoor, Hassan M. Ghayas, Amman Pasha & M. Zaid Waqar 0aUser Configured Vendor Management System (CODE BOOK) aKarachi:bUIT,c2005 aSoftware Engineering aBachelor of Computer Science (BS) 001040708PR-SEaUITUbUITUd2022-07-26l0o005.11291 SYEpSE-02Ar2025-05-06 11:34:18w2025-05-06yPR c28193d28193